000
00199nam a2200085Ia 4500
008
230915s9999 xx 000 0 und d
050
_a
QH541.5.P7.V47
245
0
_a
EAST AFRICAN GRASSLAND
942
_c
BK
999
_c
191997
_d
191997